MARC details
| 000 -LEADER |
| fixed length control field |
02173nam a2200313 a 4500 |
| 008 - FIXED-LENGTH DATA ELEMENTS--GENERAL INFORMATION |
| fixed length control field |
120416s1985 ||||||||||||||||| || u |
| 020 ## - INTERNATIONAL STANDARD BOOK NUMBER |
| International Standard Book Number |
047190760X |
| 050 ## - LIBRARY OF CONGRESS CALL NUMBER |
| Classification number |
QD 461 Mur |
| 100 ## - MAIN ENTRY--PERSONAL NAME |
| Personal name |
Teddler, John M |
| 245 14 - TITLE STATEMENT |
| Title |
The chemical bond |
| 250 ## - EDITION STATEMENT |
| Edition statement |
2nd ed. |
| 260 ## - PUBLICATION, DISTRIBUTION, ETC. |
| Place of publication, distribution, etc. |
New York |
| Name of publisher, distributor, etc. |
John Wiley and Sons |
| Date of publication, distribution, etc. |
1985 |
| 300 ## - PHYSICAL DESCRIPTION |
| Extent |
viii, 333 p. : ill. |
| 350 ## - |
| -- |
0.00 |
| 500 ## - GENERAL NOTE |
| General note |
15 copies in Chemical Engineering Department |
| 650 ## - SUBJECT ADDED ENTRY--TOPICAL TERM |
| Topical term or geographic name entry element |
CHEMICAL BONDS |
| 650 #0 - SUBJECT ADDED ENTRY--TOPICAL TERM |
| Topical term or geographic name entry element |
CHEMISTRY--HANDBOOKS, MANUALS, ETC |
| 700 ## - ADDED ENTRY--PERSONAL NAME |
| Personal name |
Murrell, John N |
| 995 ## - |
| -- |
MAIN LIBRARY OPEN ACCESS |
| -- |
0.00 |
| -- |
731369 |
| -- |
CBU-MAIN LIBRARY (Kitwe) |
| -- |
4 |
| -- |
19.95 |
| -- |
QD 461 Mur |
| -- |
4 |
| -- |
AVAILABLE |
| -- |
028895 |
| -- |
Main Library Open Access Collection |
| 995 ## - |
| -- |
ANNEX COLLECTION (Main Library) |
| -- |
0.00 |
| -- |
731371 |
| -- |
CBU-MAIN LIBRARY (Kitwe) |
| -- |
5 |
| -- |
19.95 |
| -- |
QD 461 Mur |
| -- |
5 |
| -- |
AVAILABLE |
| -- |
Mar 14, 2007 |
| -- |
028897 |
| -- |
Annex Low-Usage Collection |
| 995 ## - |
| -- |
ANNEX COLLECTION (Main Library) |
| -- |
0.00 |
| -- |
731370 |
| -- |
CBU-MAIN LIBRARY (Kitwe) |
| -- |
1 |
| -- |
19.95 |
| -- |
QD 461 Mur |
| -- |
1 |
| -- |
AVAILABLE |
| -- |
028896 |
| -- |
Annex Low-Usage Collection |
| 995 ## - |
| -- |
ANNEX COLLECTION (Main Library) |
| -- |
0.00 |
| -- |
731368 |
| -- |
CBU-MAIN LIBRARY (Kitwe) |
| -- |
2 |
| -- |
19.95 |
| -- |
QD 461 Mur |
| -- |
2 |
| -- |
AVAILABLE |
| -- |
028894 |
| -- |
Annex Low-Usage Collection |
| 995 ## - |
| -- |
MAIN LIBRARY OPEN ACCESS |
| -- |
0.00 |
| -- |
731367 |
| -- |
CBU-MAIN LIBRARY (Kitwe) |
| -- |
3 |
| -- |
19.95 |
| -- |
QD 461 Mur |
| -- |
3 |
| -- |
AVAILABLE |
| -- |
028893 |
| -- |
Main Library Open Access Collection |
| 995 ## - |
| -- |
TEXTBOOKS (CHEM.ENG.) |
| -- |
0.00 |
| -- |
3705 |
| -- |
CBU-SCHOOL TEXTBOOK COLLECTIONS |
| -- |
1 |
| -- |
0.00 |
| -- |
SCHOOL TEXTBOOK |
| -- |
9 |
| -- |
AVAILABLE |
| -- |
Sep 3, 2009 |
| -- |
3705 |
| -- |
School Collections |
| 995 ## - |
| -- |
TEXTBOOKS (CHEM.ENG.) |
| -- |
0.00 |
| -- |
3706 |
| -- |
CBU-SCHOOL TEXTBOOK COLLECTIONS |
| -- |
1 |
| -- |
0.00 |
| -- |
SCHOOL TEXTBOOK |
| -- |
7 |
| -- |
AVAILABLE |
| -- |
Sep 3, 2009 |
| -- |
3706 |
| -- |
School Collections |
| 995 ## - |
| -- |
TEXTBOOKS (CHEM.ENG.) |
| -- |
0.00 |
| -- |
3707 |
| -- |
CBU-SCHOOL TEXTBOOK COLLECTIONS |
| -- |
1 |
| -- |
0.00 |
| -- |
SCHOOL TEXTBOOK |
| -- |
8 |
| -- |
AVAILABLE |
| -- |
Sep 3, 2009 |
| -- |
3707 |
| -- |
School Collections |
| 995 ## - |
| -- |
TEXTBOOKS (CHEM.ENG.) |
| -- |
0.00 |
| -- |
3704 |
| -- |
CBU-SCHOOL TEXTBOOK COLLECTIONS |
| -- |
1 |
| -- |
0.00 |
| -- |
SCHOOL TEXTBOOK |
| -- |
6 |
| -- |
AVAILABLE |
| -- |
Sep 3, 2009 |
| -- |
3704 |
| -- |
School Collections |
| 995 ## - |
| -- |
TEXTBOOKS (CHEM.ENG.) |
| -- |
0.00 |
| -- |
3708 |
| -- |
CBU-SCHOOL TEXTBOOK COLLECTIONS |
| -- |
1 |
| -- |
0.00 |
| -- |
SCHOOL TEXTBOOK |
| -- |
10 |
| -- |
AVAILABLE |
| -- |
Sep 3, 2009 |
| -- |
3708 |
| -- |
School Collections |
| 999 ## - |
| -- |
78166 |
| -- |
78166 |